Ephesians / (Record no. 9611)

MARC details
000 -LEADER
fixed length control field 02870cam a2200325 a 4500
001 - CONTROL NUMBER
control field 16177693
003 - CONTROL NUMBER IDENTIFIER
control field GBCCL
005 - DATE AND TIME OF LATEST TRANSACTION
control field 20241126110715.0
008 - FIXED-LENGTH DATA ELEMENTS--GENERAL INFORMATION
fixed length control field 100408s2010 miub b 001 0 eng
010 ## -
-- 2010014152
020 ## - INTERNATIONAL STANDARD BOOK NUMBER
International Standard Book Number 9780801026836 (cloth)
020 ## - INTERNATIONAL STANDARD BOOK NUMBER
International Standard Book Number 0801026830 (cloth)
035 ## - SYSTEM CONTROL NUMBER
System control number (OCoLC)ocn548412758
040 ## - CATALOGING SOURCE
Original cataloging agency DLC
Transcribing agency DLC
Modifying agency BTCTA
-- YDXCP
-- JES
-- C#P
-- BWX
-- NNG
-- CDX
-- SGB
-- HNW
-- DLC
050 00 -
-- BS2695.53
-- .T45 2010
082 00 - DEWEY DECIMAL CLASSIFICATION NUMBER
Classification number 225.77
-- 227.5077
Edition information 22
Item number BAK
100 1# - MAIN ENTRY--PERSONAL NAME
Personal name Thielman, Frank.
9 (RLIN) 15962
245 10 - TITLE STATEMENT
Title Ephesians /
Statement of responsibility, etc. Frank Thielman.
260 ## - PUBLICATION, DISTRIBUTION, ETC.
Place of publication, distribution, etc. Grand Rapids, Mich. :
Name of publisher, distributor, etc. Baker Academic,
Date of publication, distribution, etc. c2010.
300 ## - PHYSICAL DESCRIPTION
Extent xxi, 520 p. :
Other physical details map ;
Dimensions 24 cm.
490 1# - SERIES STATEMENT
Series statement Baker exegetical commentary on the New Testament
500 ## - GENERAL NOTE
General note Includes biographical references (p. 451-470) and indexes.
505 0# - FORMATTED CONTENTS NOTE
Formatted contents note Introduction to Ephesians -- Prescript and greeting (1:1-2) -- Blessing God who has blessed his people in Christ (1:3-14) -- Thanksgiving for conversion and intercession for understanding (1:15-23) -- From children of wrath to new creation (2:1-10) -- From existence without God to membership in the people of God (2:11-22) -- Paul's divinely given task and his suffering for the Gentiles (3:1-13) -- Paul prays for his readers' inner strength and praises the God who can give it (3:14-21) -- The growth of the church toward unity and maturity (4:1-16) -- A reminder of how to live as new human beings (4:17-5:2) -- Avoiding and transforming the deeds of darkness (5:3-14) -- Wise conduct within the household (5:15-6:9) -- Standing against the strategies of the devil (6:10-20) -- A concluding commendation and a final prayer-wish (6:21-24).
520 ## - SUMMARY, ETC.
Summary, etc. Noted New Testament scholar Frank Thielman offers a substantive yet accessible commentary on Ephesians in this latest addition to the award-winning BECNT series. With extensive research and thoughtful chapter-by-chapter exegesis, this beautifully written commentary leads readers through all aspects of the book of Ephesians -- sociological, historical, and theological -- to help them better understand its meaning and relevance. As with all BECNT volumes, Ephesians features the author's detailed interaction with the Greek text. This commentary admirably achieves the dual aims of the series -- academic sophistication with pastoral sensitivity and accessibility -- making it a useful tool for professors, students, and pastors. The acclaimed user-friendly design includes shaded chapter introductions summarizing the key themes of each thought unit. - Publisher.
630 00 - SUBJECT ADDED ENTRY--UNIFORM TITLE
Uniform title Bible.
Name of part/section of a work Ephesians
Form subdivision Commentaries.
9 (RLIN) 3075
830 #0 -
-- Baker exegetical commentary on the New Testament.
-- 16690
906 ## - LOCAL DATA ELEMENT F, LDF (RLIN)
a 7
b cbc
c orignew
d 1
e ecip
f 20
g y-gencatlg
942 ## - ADDED ENTRY ELEMENTS (KOHA)
Source of classification or shelving scheme Dewey Decimal Classification
Koha item type Reference Books
Holdings
Withdrawn status Lost status Source of classification or shelving scheme Damaged status Not for loan Home library Current Library Shelving location Date acquired Total checkouts Full call number Barcode Date last seen Copy number Price effective from Koha item type
    Dewey Decimal Classification     GRACE BIBLE COLLEGE GRACE BIBLE COLLEGE Commentary 2023-03-24   225.77 BAK 016145 2025-05-01 v.10 2023-03-24 Reference Books
© Grace Bible College Library 2025